000
00291nam a2200121Ia 4500
008
240624s9999 xx 000 0 und d
041
_a
eng
082
_a
658.4013 CHO
100
_a
CHOWDHURY SUBIR
245
_a
POWER OF LEO
260
_c
2011
_a
New Delhi
_b
Tata McGraw-Hill
365
_c
RS
_b
33
999
_c
26027
_d
26027